000 00743nam a22002297a 4500
003 DO-SdBNP
005 20240412074308.0
008 210901b 2017 dr 00| 0 eng d
020 _a9789945090369
040 _aDO-SdBNP
_bspa
_cBNPHU
082 4 _aRD861.44
_bG633co
_222
100 1 _aGómez Rosa, Alexis
_943519
245 1 0 _aCoartada, el poema /
_cAlexis Gómez Rosa ; cuidado de la edición César Augusto Zapata.
260 _aSanto Domingo :
_bBúho,
_c2017.
300 _a211 p. ;
_c23 cm.
590 _aInventariado, 2021 / LP
650 4 _aPoesía dominicana
_966
650 0 _aLiteratura dominicana.
_967
700 1 _aZapata, César Augusto,
_d1959 -
_eed.
_972848
910 _aValidado. Control de calidad MFF
942 _2ddc
_cLBS1
999 _c50367
_d50367